ARRUPE JESUIT UNIVERSITY

CORONAVIRUS -STOP THE SPREAD - CLEAN,DISINFECT,COVER
Normal view MARC view

Entry Personal Name

Number of records used in: 2

001 - CONTROL NUMBER

  • control field: 49149

003 - CONTROL NUMBER IDENTIFIER

  • control field: ARRUPE

005 - DATE AND TIME OF LATEST TRANSACTION

  • control field: 20200130091359.0

008 - FIXED-LENGTH DATA ELEMENTS

  • fixed length control field: 200130|| aca||aabn | a|a d

040 ## - CATALOGING SOURCE

  • Original cataloging agency: ARRUPE
  • Transcribing agency: ARRUPE

100 ## - HEADING--PERSONAL NAME

  • Personal name: Mary
  • Numeration: II,
  • Titles and other words associated with a name: Queen of England,
  • Dates associated with a name: 1662-1694.

670 ## - SOURCE DATA FOUND

  • Source citation: Work cat.: (ARRUPE)0: Miller, John, 1946 July 5- 49146, The life and times of William and Mary, [1974]

 

Arrupe Library. PO Box MP320 Mt Pleasant, Harare, Zimbabwe
263 242 745411|librarian@aju.ac.zw